<?xml version="1.0" encoding="UTF-8"?>
<record
    xmlns:xsi="http://www.w3.org/2001/XMLSchema-instance"
    xsi:schemaLocation="http://www.loc.gov/MARC21/slim http://www.loc.gov/standards/marcxml/schema/MARC21slim.xsd"
    xmlns="http://www.loc.gov/MARC21/slim">

  <leader>00444nam a2200169Ia 4500</leader>
  <controlfield tag="008">220803s9999    xx            000 0 und d</controlfield>
  <datafield tag="020" ind1=" " ind2=" ">
    <subfield code="a">0-89789-320-4</subfield>
  </datafield>
  <datafield tag="041" ind1=" " ind2=" ">
    <subfield code="a">eng</subfield>
  </datafield>
  <datafield tag="082" ind1=" " ind2=" ">
    <subfield code="a">720.22 ROT/MCD</subfield>
  </datafield>
  <datafield tag="100" ind1=" " ind2=" ">
    <subfield code="a">Rotenberg R Ed.</subfield>
    <subfield code="9">24084</subfield>
  </datafield>
  <datafield tag="245" ind1=" " ind2=" ">
    <subfield code="a">Cultural Meaning Of Urban Space</subfield>
  </datafield>
  <datafield tag="260" ind1=" " ind2=" ">
    <subfield code="a">London</subfield>
    <subfield code="b">Bergin And Garvey</subfield>
    <subfield code="c">1993</subfield>
  </datafield>
  <datafield tag="300" ind1=" " ind2=" ">
    <subfield code="a">226p</subfield>
  </datafield>
  <datafield tag="500" ind1=" " ind2=" ">
    <subfield code="a">Architecture</subfield>
  </datafield>
  <datafield tag="650" ind1=" " ind2=" ">
    <subfield code="a">Research</subfield>
    <subfield code="9">24085</subfield>
  </datafield>
  <datafield tag="700" ind1=" " ind2=" ">
    <subfield code="a">McDonogh G Ed.</subfield>
    <subfield code="9">24086</subfield>
  </datafield>
  <datafield tag="999" ind1=" " ind2=" ">
    <subfield code="c">15271</subfield>
    <subfield code="d">15271</subfield>
  </datafield>
  <datafield tag="952" ind1=" " ind2=" ">
    <subfield code="0">0</subfield>
    <subfield code="1">0</subfield>
    <subfield code="4">0</subfield>
    <subfield code="7">0</subfield>
    <subfield code="8">Book of B Arch</subfield>
    <subfield code="a">BNCA</subfield>
    <subfield code="b">BNCA</subfield>
    <subfield code="c">DD</subfield>
    <subfield code="d">2013-10-03</subfield>
    <subfield code="e">Word Book Shop</subfield>
    <subfield code="g">1655.75</subfield>
    <subfield code="l">1</subfield>
    <subfield code="o">711.5 ROT/MCD</subfield>
    <subfield code="p">BNCA-BK-8555</subfield>
    <subfield code="q">2023-08-18</subfield>
    <subfield code="r">2023-07-19 00:00:00</subfield>
    <subfield code="s">2023-07-19</subfield>
    <subfield code="v">31.95</subfield>
    <subfield code="w">2013-09-24</subfield>
    <subfield code="y">BK</subfield>
    <subfield code="z">B008555</subfield>
  </datafield>
</record>
